000 00311nam a22001337a 4500
008 170529b xxu||||| |||| 00| 0 eng d
020 _a3528064463
041 _ager
080 _a62
100 _a27
101 _aIM
245 _aEXPERTNSYSTEME STEUERN DIE CAD/CAM- ANWENDUNG
_cGEITNER,U.W
942 _2udc
_cBK
999 _c14706
_d14706